000 00418nam a2200133Ia 4500
008 100328s9999 xx 000 0 und d
082 _b68031
100 _aपोरे सुरेश.
245 _aदिलासा देई साई.
260 _bश्रीसाईअमृत.
630 _aदिलासा देई साई.
730 _aदिलासा देई साई.
942 _cBOOK
999 _c553770
_d553767